000 00316cam a2200133ua 4500
003 OSt
008 250108b |||||||| |||| 00| 0 eng d
041 _aeng
082 _a621.3848
_bROY/BA
245 _aBasic radar, Part 1 /
260 _aMumbai :
_bAsia Publishing House ,
_c1962.
300 _a192 ; .
942 _cBK
999 _c7180
_d7180